[Event "Titled Tue 17th Jun Early"]
[Site "chess.com INT"]
[Date "2025.06.17"]
[Round "8"]
[White "Drozdowski, Kacper"]
[Black "Akobian, Varuzhan"]
[Result "1/2-1/2"]
[WhiteTitle "IM"]
[BlackTitle "GM"]
[WhiteElo "2450"]
[BlackElo "2551"]
[WhiteFideId "1136720"]
[BlackFideId "13300580"]
[EventDate "2025.06.17"]

1. e4 e6 2. d4 d5 3. Nc3 Bb4 4. Ne2 dxe4 5. a3 Be7 6. Nxe4 Nf6 7. N2g3 Nbd7 8.
Bd3 Nxe4 9. Nxe4 b6 10. O-O Bb7 11. Re1 O-O 12. c3 c5 13. Qh5 g6 14. Qh3 cxd4
15. Bh6 Re8 16. Rad1 Nf6 17. Ng5 Qd5 18. c4 Qc6 19. Nf3 Rad8 20. Ne5 Qc8 21. Bg5
Nh5 22. Bc1 Bd6 23. Bg5 Bxe5 24. Bxd8 Nf4 25. Qg4 Qb8 26. Bg5 h5 27. Qh4 Nxg2
28. Qh3 Nxe1 29. Rxe1 Bg7 30. Qh4 Qc7 31. b4 e5 32. Qg3 Qd7 33. f3 Qc6 34. Be4
Qc8 35. Bd3 a5 36. h4 axb4 37. axb4 Qc6 38. Be4 Qd7 39. Bd3 Qd6 40. Bd2 Bf6 41.
Kf1 Kg7 42. Ra1 Qd8 43. Bg5 Bxg5 44. hxg5 e4 45. fxe4 Bxe4 46. Bxe4 Rxe4 47. Qf3
Qe7 48. c5 bxc5 49. bxc5 Re5 50. Ra7 Qxa7 51. Qf6+ Kg8 52. Qxe5 Qa1+ 53. Kg2
Qb2+ 54. Kh1 Qc1+ 55. Kg2 d3 56. Qe8+ Kg7 57. Qe5+ Kh7 58. Qd5 Qc2+ 59. Kh3 Kg7
60. Qe5+ Kh7 61. Qd5 Qf2 62. Qxd3 Qxc5 63. Qd8 Qf5+ 64. Kh2 h4 65. Qd2 Qg4 66.
Qe3 Qf5 67. Kg2 Qg4+ 68. Kh2 Qf5 69. Kg2 Kg7 70. Qd4+ Kg8 71. Qxh4 f6 72. gxf6
Kf7 73. Qh7+ Kxf6 74. Qh8+ Kg5 75. Qd8+ Kg4 76. Qd4+ Qf4 77. Qd7+ Kh4 78. Qe7+
Qg5+ 79. Qxg5+ Kxg5 80. Kg3 Kf5 81. Kf3 g5 82. Kg3 g4 83. Kg2 Kg5 84. Kg3 Kf5
85. Kg2 Kf4 86. Kf2 g3+ 87. Kg2 Kg4 88. Kg1 Kf3 89. Kf1 Kg4 90. Kg2 Kh4 91. Kg1
Kh3 92. Kh1 g2+ 93. Kg1 Kg3 1/2-1/2

[Event "Titled Tue 17th Jun Early"]
[Site "chess.com INT"]
[Date "2025.06.17"]
[Round "8"]
[White "Marynychenko, Yehor"]
[Black "Pavlov, Nikolay"]
[Result "0-1"]
[WhiteTitle "CM"]
[BlackTitle "FM"]
[WhiteElo "2183"]
[BlackElo "2316"]
[WhiteFideId "34160558"]
[BlackFideId "24141470"]
[EventDate "2025.06.17"]

1. e4 c6 2. Nc3 d5 3. Nf3 dxe4 4. Nxe4 Nf6 5. Qe2 Na6 6. d4 Qd5 7. Nxf6+ gxf6 8.
c3 Bg4 9. Qe3 h5 10. Bd3 Bh6 11. Qe2 Bxc1 12. Rxc1 Qxa2 13. Bc4 Qa5 14. b4 Qf5
15. Bd3 Qf4 16. O-O Nc7 17. Rfe1 e6 18. Be4 Rg8 19. Kh1 h4 20. h3 Bh5 21. Qd3
O-O-O 22. Ng1 Rg5 23. Ra1 a6 24. Ra5 Nb5 25. c4 Rxd4 26. Qc2 Nd6 27. Rxg5 fxg5
28. Bf3 Bg6 29. Qb2 Nxc4 30. Qc3 Qd2 31. Qa1 Qb2 32. Qa4 Nb6 33. Qa5 Qxb4 34.
Qe5 Nd7 35. Qh8+ Kc7 36. Rc1 Qd6 37. Re1 Qf8 38. Qxd4 Qc5 39. Qe3 Qd6 40. Qxg5
Qb4 41. Qe3 Nc5 42. Ne2 Nd3 43. Rf1 a5 44. Nd4 a4 45. Be4 Bxe4 46. Qxe4 e5 47.
Qxd3 exd4 48. Rd1 c5 49. Qe4 a3 50. Qe7+ Kb6 51. Qe8 a2 52. Qe2 Qb1 53. Qe1 Qb3
54. Ra1 d3 55. Qd2 Qb1+ 56. Qd1 Qb2 57. Qe1 d2 58. Qd1 c4 59. Kg1 c3 60. Rxa2
Qxa2 61. Qh5 Qb2 62. Qh6+ Ka5 63. Qg5+ Ka4 64. Qf4+ Kb3 65. Qe5 d1=Q+ 66. Kh2
Qdd2 67. Qb5+ Kc2 68. Qf5+ Kc1 69. Qxf7 Qxf2 70. Qg7 Qxg2+ 71. Qxg2 Qxg2+ 72.
Kxg2 Kd2 73. Kf3 c2 74. Kg4 c1=Q 75. Kxh4 Qc4+ 76. Kg5 b5 77. h4 b4 78. h5 b3
79. h6 b2 80. h7 Qc8 81. h8=Q Qxh8 82. Kg6 Qf8 83. Kg5 b1=Q 84. Kg4 Qg1+ 85. Kh3
Qh8# 0-1

[Event "Titled Tue 17th Jun Early"]
[Site "chess.com INT"]
[Date "2025.06.17"]
[Round "8"]
[White "Nguyen, Ngoc Truong Son"]
[Black "Xue, Haowen"]
[Result "1-0"]
[WhiteTitle "GM"]
[BlackTitle "GM"]
[WhiteElo "2600"]
[BlackElo "2518"]
[WhiteFideId "12401110"]
[BlackFideId "8625492"]
[EventDate "2025.06.17"]

1. e4 c6 2. d4 d5 3. e5 Bf5 4. g4 Be4 5. f3 Bg6 6. e6 Qd6 7. exf7+ Bxf7 8. Nc3
h5 9. g5 Nd7 10. f4 O-O-O 11. Nf3 e6 12. Be3 Ne7 13. Bd3 Bg6 14. Bxg6 Nxg6 15.
Qd2 Qc7 16. Ne2 Bd6 17. O-O-O Rdf8 18. Ne5 Bxe5 19. fxe5 Nb6 20. b3 Kb8 21. Rdf1
Nc8 22. Qd3 Nce7 23. Bd2 c5 24. dxc5 Nxe5 25. Qc3 N7g6 26. Nd4 Qd7 27. Kb1 Nc6
28. Nb5 e5 29. Nd6 Nge7 30. Nf7 d4 31. Qc4 Rhg8 32. Nd6 Nc8 33. Ne4 N8e7 34. Kb2
Qd5 35. Qxd5 Nxd5 36. a3 Kc7 37. b4 a6 38. Kb3 Kd7 39. Kc4 Nde7 40. a4 Nf5 41.
b5 axb5+ 42. axb5 Nce7 43. Ra1 Ra8 44. Rhf1 Ke6 45. c6 bxc6 46. Nc5+ Kd6 47. b6
Rxa1 48. Rxa1 Rb8 49. b7 Nd5 50. Ne4+ Kc7 51. Nc5 Nd6+ 52. Kd3 Nxb7 53. Na6+ Kc8
54. Nxb8 Kxb8 55. Ke4 Nd6+ 56. Kxe5 Nc4+ 57. Kxd4 Nxd2 58. Kc5 Kb7 59. c4 Nf4
60. Rd1 Ne4+ 61. Kd4 Nxg5 62. Ke5 Nge6 63. c5 Kc7 64. h4 g6 65. Rd2 Kc8 66. Rd6
Kc7 67. Rxe6 Nxe6 68. Kxe6 Kb7 69. Kd6 Kb8 70. Kd7 Kb7 71. Kd6 Kb8 72. Ke6 Kb7
73. Kd7 Kb8 74. Ke7 Kc7 75. Kf6 Kd7 76. Kxg6 Ke6 77. Kxh5 Kf5 78. Kh6 Kf6 79. h5
Kf7 80. Kg5 1-0

[Event "Titled Tue 17th Jun Early"]
[Site "chess.com INT"]
[Date "2025.06.17"]
[Round "8"]
[White "Zieba, Hubert"]
[Black "Domin, Yan"]
[Result "1/2-1/2"]
[WhiteTitle "CM"]
[BlackTitle "FM"]
[WhiteElo "2233"]
[BlackElo "2222"]
[WhiteFideId "21844704"]
[BlackFideId "34169342"]
[EventDate "2025.06.17"]

1. d4 Nf6 2. c4 d6 3. Nf3 g6 4. Nc3 Bf5 5. g3 Ne4 6. Nb1 Bg7 7. Bg2 Nf6 8. Nc3
O-O 9. Nh4 Bc8 10. O-O e5 11. Nf3 Nc6 12. dxe5 dxe5 13. Bg5 Be6 14. Qa4 h6 15.
Rad1 Qe8 16. Bxf6 Bxf6 17. Nd2 Ne7 18. Qxe8 Rfxe8 19. b3 c6 20. Nde4 Bg7 21. Nd6
Reb8 22. Na4 b6 23. Rd2 f5 24. Rfd1 e4 25. e3 Kf8 26. f3 exf3 27. Bxf3 Rd8 28.
e4 fxe4 29. Bxe4 Be5 30. c5 Rab8 31. cxb6 axb6 32. Nc4 Rxd2 33. Rxd2 Bc7 34. Nc3
b5 35. Ne3 Bb6 36. Kf2 Bc5 37. Ke2 Re8 38. Rd3 Bf7 39. Ncd1 Ra8 40. Rd2 Bb4 41.
Rc2 Rd8 42. Nf2 c5 43. Nd3 Ba3 44. Nxc5 g5 45. Nd3 Bd6 46. Nf5 Nxf5 47. Bxf5
Re8+ 48. Kf3 Bd5+ 49. Kg4 Rd8 50. Rc8 Rxc8 51. Bxc8 Ke7 52. Bf5 Kf6 53. Nf2 Ke5
54. Bd3 Kd4 55. Bxb5 Bf7 56. Bc4 Bg6 57. Kf3 Be5 58. Ng4 Bg7 59. Ne3 h5 60. a4
g4+ 61. Ke2 Be4 62. a5 Bf8 63. a6 Bc5 64. Nd1 Ba7 65. Kd2 Ke5 66. Nc3 Bf3 67.
Nb5 Bg1 68. a7 Bxh2 69. Nc7 Bg1 70. a8=Q Bxa8 71. Nxa8 Bf2 72. Nc7 Bxg3 73. Ke2
Kf6 74. Nd5+ Kg5 75. Ne3 Bb8 76. b4 h4 77. Kf2 Kf4 78. Ng2+ Kg5 79. b5 Ba7+ 80.
Kf1 h3 81. Bd5 g3 82. Ne1 Kf4 83. Bc6 Ke5 84. Bg2 hxg2+ 85. Kxg2 Kf4 86. Nd3+
Ke4 87. Ne1 Bf2 88. Nc2 Kd5 89. b6 Kc6 90. Ne3 Bxe3 91. Kxg3 Bxb6 1/2-1/2

[Event "Titled Tue 17th Jun Early"]
[Site "chess.com INT"]
[Date "2025.06.17"]
[Round "8"]
[White "Szpar, Milosz"]
[Black "Akkara, Omer"]
[Result "1/2-1/2"]
[WhiteTitle "IM"]
[BlackTitle "CM"]
[WhiteElo "2495"]
[BlackElo "2036"]
[WhiteFideId "1184989"]
[BlackFideId "26319802"]
[EventDate "2025.06.17"]

1. e4 e5 2. Nf3 Nc6 3. Bb5 a6 4. Ba4 Nf6 5. O-O Be7 6. Re1 b5 7. Bb3 O-O 8. a4
Bb7 9. d3 d6 10. Nbd2 h6 11. Nf1 Rb8 12. Bd2 Bc8 13. axb5 axb5 14. Ne3 Bd7 15.
Nd5 Nxd5 16. Bxd5 Bf6 17. Ra6 Ne7 18. Bb3 Qc8 19. Ra7 Ra8 20. Qa1 Qb8 21. Ra2
Rxa2 22. Qxa2 Nc6 23. h3 Qc8 24. Be3 Ne7 25. d4 exd4 26. Bf4 Ng6 27. Bg3 Ne5 28.
Nd2 c5 29. Bd5 Be6 30. Qa5 Bxd5 31. exd5 Qb7 32. Ne4 Qxd5 33. Qxb5 Be7 34. Nd2
Bf6 35. b3 Nc6 36. Nc4 Be5 37. f4 Bf6 38. Qb7 Nb4 39. Qxd5 Nxd5 40. Nxd6 Ne3 41.
Re2 Nd5 42. Ne4 Rc8 43. f5 Nb4 44. Bd6 Na6 45. Nxf6+ gxf6 46. Re4 Rc6 47. Rg4+
Kh7 48. Bf8 Nc7 49. Rg7+ Kh8 50. Rg3 Nd5 51. Bxh6 Kh7 52. Bd2 Rd6 53. Rd3 Ne7
54. g4 Rd5 55. Kf2 Nc6 56. Bf4 Ne5 57. Rd2 Nc6 58. Kf3 Rd7 59. Ke4 Nb4 60. g5
Re7+ 61. Kf3 fxg5 62. Bxg5 Re1 63. Bf4 Rf1+ 64. Ke4 Re1+ 65. Kf3 Rf1+ 66. Kg4
Rg1+ 67. Kh5 Nd5 68. Bd6 Nf6+ 69. Kh4 Ne4 70. Bh2 Nxd2 71. Bxg1 Nf3+ 72. Kg3
Nxg1 73. Kf4 Nxh3+ 74. Ke5 Ng5 75. Kd5 Nf3 76. Kxc5 Kg7 77. b4 Ne1 78. b5 Nxc2
79. b6 d3 80. b7 d2 81. b8=Q d1=Q 82. Qe5+ Kh6 83. Qf6+ Kh5 84. Qxf7+ Kg4 85.
Qg6+ Kf4 86. f6 Qd4+ 87. Kc6 Qc4+ 88. Kd7 Qd5+ 89. Ke7 Qe5+ 90. Kf8 Nd4 91. Qh6+
Kf5 92. Qh5+ Kxf6 93. Qxe5+ Kxe5 1/2-1/2

[Event "Titled Tue 17th Jun Early"]
[Site "chess.com INT"]
[Date "2025.06.17"]
[Round "8"]
[White "Blackburn, Jonathan L B"]
[Black "Kukushkin, Ivan"]
[Result "1-0"]
[WhiteTitle "FM"]
[BlackTitle "CM"]
[WhiteElo "2207"]
[BlackElo "2008"]
[WhiteFideId "1801090"]
[BlackFideId "11634103"]
[EventDate "2025.06.17"]

1. d4 d5 2. c4 e6 3. Nc3 Nf6 4. Bg5 Be7 5. e3 c6 6. Qc2 O-O 7. Nf3 h6 8. h4 Nbd7
9. Rd1 b6 10. a3 Bb7 11. cxd5 cxd5 12. Bd3 Rc8 13. Bf4 Ne4 14. g4 Bxa3 15. g5 h5
16. Bxe4 dxe4 17. bxa3 exf3 18. Qd3 Qe7 19. Nb5 Ba6 20. Bd6 Qxd6 21. Nxd6 Bxd3
22. Rxd3 Rc1+ 23. Rd1 Rc6 24. Ne4 Rc2 25. Nd2 Ra2 26. Nxf3 Rxa3 27. O-O Re8 28.
Kg2 Kh7 29. e4 Ra4 30. Rfe1 b5 31. d5 exd5 32. Rxd5 Nb6 33. g6+ Kxg6 34. Rg5+
Kh6 35. Rxb5 Rexe4 36. Rxe4 Rxe4 37. Ra5 Re7 38. Nd4 Rd7 39. Nc6 Nc8 40. Ne5 Rc7
41. f3 f6 42. Nd3 Nb6 43. Nf4 g5 44. hxg5+ fxg5 45. Ne6 Rc6 46. Nxg5 Rg6 47. f4
Nc4 48. Rc5 h4 49. Kh3 Ne3 50. Kxh4 Ng2+ 51. Kg3 Nxf4 52. Kxf4 Rf6+ 53. Kg4 Kg6
54. Ne4 Re6 55. Nc3 Rd6 56. Kf4 a6 57. Ke4 Rb6 58. Kd5 Kf6 59. Ne4+ Ke7 60. Rc7+
Kd8 61. Ra7 Rh6 62. Nd6 Rh1 63. Rxa6 Rd1+ 64. Ke5 Re1+ 65. Ne4 Kc7 66. Ra7+ Kb6
67. Rf7 Rb1 68. Rf2 Rb5+ 69. Kd4 Rb4+ 70. Kd3 Rb3+ 71. Nc3 Ra3 72. Rf6+ Kc7 73.
Rf7+ Kd6 74. Rf6+ Ke7 75. Rf4 Ra7 76. Rh4 Rd7+ 77. Ke4 Rd6 78. Nd5+ Kf7 79. Rf4+
Kg6 80. Ke5 Ra6 81. Rg4+ Kh5 82. Rg1 Kh4 83. Kf5 Kh3 84. Ke4 Kh2 85. Rg8 Ra4+
86. Kf3 Rh4 87. Ne3 Rh3+ 88. Kf2 Rh6 89. Ng4+ Kh1 90. Nxh6 1-0

[Event "Titled Tue 17th Jun Early"]
[Site "chess.com INT"]
[Date "2025.06.17"]
[Round "8"]
[White "Donchenko, Alexander"]
[Black "Postny, Evgeny"]
[Result "1/2-1/2"]
[WhiteTitle "GM"]
[BlackTitle "GM"]
[WhiteElo "2613"]
[BlackElo "2525"]
[WhiteFideId "24603295"]
[BlackFideId "2804344"]
[EventDate "2025.06.17"]

1. c4 e6 2. g3 d5 3. Bg2 Nf6 4. Nf3 dxc4 5. Qa4+ Bd7 6. Qxc4 c5 7. Ne5 Qc8 8.
Qd3 Nc6 9. Nxd7 Nxd7 10. O-O Be7 11. b3 Bf6 12. Nc3 O-O 13. Bb2 Rd8 14. Rad1
Nde5 15. Qb1 Nd4 16. Rfe1 Qc7 17. Ne4 Be7 18. Rc1 Rac8 19. Bxd4 Rxd4 20. e3 Rdd8
21. d4 Nd7 22. dxc5 a5 23. a3 f5 24. Nd6 Bxd6 25. cxd6 Qxd6 26. Bxb7 Rb8 27.
Red1 Qxa3 28. Rc7 Nc5 29. Bf3 Rdc8 30. Ra7 Qxb3 31. Qa1 Qb2 32. Qxa5 Qb6 33. Qa1
Qb2 34. Qxb2 Rxb2 35. Rc1 Rbb8 36. h4 Nd3 37. Rd1 Ne5 38. Be2 Rd8 39. Rc1 Rbc8
40. Rb1 Rb8 41. Rc1 Rbc8 42. Rxc8 Rxc8 43. Re7 Rc6 44. f4 Kf8 45. Ra7 Nf7 46.
Kf2 g6 47. Bf3 Rd6 48. Ke2 h5 49. Ra8+ Kg7 50. Ra7 Kf6 51. Rc7 Nh6 52. Bc6 Rd8
53. e4 fxe4 54. Bxe4 Nf5 55. Kf3 Nd4+ 56. Kg2 Nf5 57. Rc3 Nd4 58. Kf2 Rd6 59.
Rc8 Nf5 60. Rc7 Rd2+ 61. Kf3 Rd8 62. Ra7 Nd4+ 63. Ke3 Nf5+ 64. Kf3 Nd4+ 65. Kf2
Nf5 66. Rc7 Rd2+ 67. Kf3 Rd8 68. Rc4 Nd4+ 69. Kf2 Nf5 70. Rc3 Rd2+ 71. Kf3 Rd8
72. Bd3 Nd4+ 73. Ke4 Nf5 74. Ra3 Nxg3+ 75. Kf3 Nf5 76. Bxf5 gxf5 77. Ra7 Rd3+
78. Kg2 Rd2+ 79. Kg3 Rd3+ 80. Kg2 Rd4 81. Kg3 Kg6 82. Ra6 Re4 83. Ra8 e5 84.
Ra6+ Kf7 85. fxe5 Rxe5 86. Kf4 Rc5 87. Kg5 f4+ 88. Kxf4 Kg7 89. Re6 Rc4+ 90. Kg5
Rc5+ 91. Kf4 Rc4+ 92. Re4 Rxe4+ 93. Kxe4 Kf6 94. Kf4 Kg6 95. Ke5 Kg7 96. Kf5 Kh6
97. Kf6 Kh7 98. Kg5 Kg7 99. Kxh5 Kh7 100. Kg5 Kg7 101. h5 Kh7 102. h6 Kh8 103.
Kh5 Kh7 104. Kg5 Kh8 105. Kg6 Kg8 106. h7+ Kh8 107. Kh6 1/2-1/2

[Event "Titled Tue 17th Jun Early"]
[Site "chess.com INT"]
[Date "2025.06.17"]
[Round "8"]
[White "Bozorov, Javohir"]
[Black "Mummana Venkata Ruthvik"]
[Result "1-0"]
[WhiteTitle "FM"]
[BlackTitle "CM"]
[WhiteElo "2039"]
[BlackElo "2237"]
[WhiteFideId "14216957"]
[BlackFideId "25697307"]
[EventDate "2025.06.17"]

1. Nf3 Nf6 2. d4 g6 3. Bf4 Bg7 4. Nbd2 O-O 5. e4 d6 6. Bd3 Nc6 7. c3 e5 8. Bg3
exd4 9. cxd4 Nh5 10. O-O Nxg3 11. hxg3 Nxd4 12. Nxd4 Bxd4 13. Qc2 Bg7 14. Rae1
Be6 15. f4 f6 16. Nf3 Qd7 17. Nd4 Bf7 18. f5 c5 19. Ne6 Bxe6 20. fxe6 Qe7 21.
Bc4 Kh8 22. g4 Bh6 23. Qc3 Kg7 24. Bd5 Rac8 25. a4 Bg5 26. Rf3 Qc7 27. Qc4 Rce8
28. Rb3 b6 29. a5 Rb8 30. a6 Bf4 31. Qb5 Be5 32. Rf3 Rbe8 33. Ref1 Re7 34. g5
Qd8 35. Qc4 Ree8 36. Bc6 Qe7 37. Bxe8 Qxe8 38. Qd5 Qe7 39. Qb7 Qxb7 40. axb7 Rb8
41. gxf6+ Kf8 42. f7 Rxb7 43. Rh3 h5 44. g4 Rd7 45. gxh5 Re7 46. hxg6 Rxe6 47.
Rh6 Bg7 48. Rh2 Rxg6+ 49. Kh1 Bf6 50. Rh7 Bg7 51. b3 Rh6+ 52. Rxh6 Bxh6 53. Rf6
Be3 54. Rxd6 Kxf7 55. Rd7+ Ke6 56. Rxa7 Ke5 57. Re7+ Kd6 58. Rb7 Ke5 59. Re7+
Kd6 60. Re8 b5 61. Kg2 c4 62. bxc4 bxc4 63. Kf3 Bg5 64. Ke2 c3 65. Kd3 Bd2 66.
Rc8 Ke5 67. Rc4 Ke6 68. Kd4 Be1 69. e5 Bf2+ 70. Ke4 Be1 71. Rc6+ Kd7 72. Kd5 Bd2
73. Rc4 Ke7 74. Rc7+ Kd8 75. Kd6 Be1 76. Rc4 Bd2 77. e6 1-0

[Event "Titled Tue 17th Jun Early"]
[Site "chess.com INT"]
[Date "2025.06.17"]
[Round "8"]
[White "Ilinca, Felix-Antonio"]
[Black "Bluebaum, Matthias"]
[Result "1-0"]
[WhiteTitle "IM"]
[BlackTitle "GM"]
[WhiteElo "2431"]
[BlackElo "2663"]
[WhiteFideId "54764998"]
[BlackFideId "24651516"]
[EventDate "2025.06.17"]

1. d4 d5 2. c4 e6 3. Nc3 Bb4 4. a3 Bxc3+ 5. bxc3 Nf6 6. e3 c6 7. a4 O-O 8. Nf3
Qc7 9. Ba3 Re8 10. Be2 b6 11. O-O Ba6 12. Nd2 Nbd7 13. cxd5 Bxe2 14. Qxe2 exd5
15. c4 c5 16. dxc5 Nxc5 17. Bb2 Nfe4 18. Rfc1 Rad8 19. cxd5 Rxd5 20. Nxe4 Rxe4
21. a5 Rd8 22. axb6 axb6 23. Qc2 Re6 24. Bd4 h6 25. h3 Rg6 26. Kh1 Qb7 27. f3
Ne6 28. Bb2 Rg5 29. Rd1 Rgd5 30. Rxd5 Qxd5 31. Qc3 b5 32. Rc1 Qd3 33. Qe5 Rd5
34. Qb8+ Kh7 35. e4 Rg5 36. Rg1 Qd2 37. Bc1 Qc3 38. Bxg5 hxg5 39. Qxb5 Qd2 40.
Qf5+ Kg8 41. Qg4 g6 42. h4 gxh4 43. Qxh4 Kg7 44. Kh2 Nf4 45. Qg4 Ne2 46. Rb1
Qh6+ 47. Qh3 Qf4+ 48. Kh1 Ng3+ 49. Kg1 Ne2+ 50. Kh1 Ng3+ 51. Kg1 Ne2+ 52. Kf2
Nc3 53. Rf1 Nxe4+ 54. Kg1 Ng3 55. Re1 Nf5 56. Qg4 Qd2 57. Qe4 Kh7 58. Kh2 Qd6+
59. Kg1 Qg3 60. Re2 Nh4 61. Qe3 Kg7 62. Qd4+ Kh7 63. Qf2 Qg5 64. Re4 Qc1+ 65.
Kh2 Nf5 66. g4 Nd6 67. Re2 Kg7 68. Kg2 Qf4 69. Rd2 Qf6 70. Qd4 Qxd4 71. Rxd4 Ne8
72. Kg3 Nc7 73. Rd7 Ne6 74. f4 Nc5 75. Rc7 Ne4+ 76. Kf3 Nf6 77. Ra7 Nd5 78. g5
Kf8 79. Ke4 Ne7 80. Ra8+ Kg7 81. Ke5 Nc6+ 82. Kd6 Nd4 83. Ra5 Nf3 84. Ke7 Nd4
85. Rd5 Nf5+ 86. Ke8 Kg8 87. Rd7 Ng7+ 88. Ke7 Nh5 89. Rd4 Kg7 90. Ra4 Kg8 91.
Ra8+ Kg7 92. Rf8 f5 93. gxf6+ Kh7 94. f7 Ng7 95. Rh8+ Kxh8 96. f8=Q+ Kh7 97. Kf7
Kh6 98. Qxg7+ Kh5 99. Qxg6+ Kh4 100. f5 Kh3 101. f6 Kh2 102. Kg7 Kh1 1-0

[Event "Titled Tue 17th Jun Early"]
[Site "chess.com INT"]
[Date "2025.06.17"]
[Round "8"]
[White "Srihari, L"]
[Black "Sheehan, Ethan"]
[Result "0-1"]
[WhiteTitle "IM"]
[WhiteElo "2353"]
[BlackElo "2364"]
[WhiteFideId "46642056"]
[BlackFideId "30943965"]
[EventDate "2025.06.17"]

1. c4 e5 2. Nc3 Bb4 3. Nd5 a5 4. a3 Bc5 5. g3 c6 6. Nc3 d5 7. cxd5 cxd5 8. Bg2
Ne7 9. d3 Nbc6 10. Nf3 O-O 11. O-O f6 12. Bd2 Be6 13. Rc1 Ba7 14. Na4 Qd7 15.
Nc5 Bxc5 16. Rxc5 Rac8 17. b4 axb4 18. axb4 b6 19. Rc1 d4 20. Qa4 Nd5 21. Rb1
Ra8 22. Qb5 Ra2 23. Rfc1 Nce7 24. Qxd7 Bxd7 25. Ra1 Rfa8 26. Rxa2 Rxa2 27. Kf1
Kf7 28. Be1 Rb2 29. Ra1 Nxb4 30. Ra7 Be6 31. Rb7 Nc2 32. Nd2 Ke8 33. f4 Nf5 34.
Bc6+ Kd8 35. fxe5 fxe5 36. Nf3 Rb1 37. Kf2 Nfe3 38. Rxg7 Bg4 39. Rxh7 Bxf3 40.
Kxf3 Rxe1 41. Ke4 Rxe2 42. Kxe5 Nc4+ 43. Kd5 Nb4+ 44. Kxd4 Nxc6+ 45. Kxc4 Rb2
46. d4 Rb4+ 47. Kd5 Nxd4 48. Kd6 Nf5+ 49. Ke6 Ne3 50. Kd6 Kc8 51. Kc6 Kd8 52. h4
b5 53. h5 Ng4 54. Kd6 Rd4+ 55. Kc5 Re4 56. Kxb5 Re5+ 57. Kc4 Ke8 58. Kd4 Ra5 59.
h6 Kf8 60. Rh8+ Kf7 61. h7 Rh5 62. Ke4 Nf6+ 63. Kf4 Kg7 64. Ra8 Nxh7 65. g4 Rb5
66. Ra7+ Kg6 67. Ra6+ Nf6 68. Kf3 Kg5 69. Ra8 Rb3+ 70. Ke2 Nxg4 71. Rg8+ Kf5 72.
Rf8+ Ke4 73. Re8+ Ne5 74. Kd1 Rb2 75. Kc1 Rh2 76. Kb1 Kd4 77. Rd8+ Kc3 78. Rg8
Rh1+ 79. Ka2 Nd3 80. Rc8+ Kb4 81. Rb8+ Kc4 82. Rc8+ Nc5 83. Kb2 Rh2+ 84. Kc1 Kb4
85. Kd1 Ne4 86. Ke1 Nc3 87. Kf1 Ra2 88. Kg1 Nb5 89. Rb8 Kc4 90. Rg8 Kd3 91. Rd8+
Nd4 92. Kf1 Ke3 93. Re8+ Kd3 94. Rd8 Rb2 95. Kg1 Ke3 96. Kf1 Nf3 97. Rd3+ Kf4
98. Rd8 Kg3 99. Rf8 Rf2# 0-1

[Event "Titled Tue 17th Jun Early"]
[Site "chess.com INT"]
[Date "2025.06.17"]
[Round "8"]
[White "Gunawardhana, Devindya Oshini"]
[Black "Papasimakopoulos, Alexandros"]
[Result "0-1"]
[WhiteTitle "WIM"]
[BlackTitle "IM"]
[WhiteElo "2121"]
[BlackElo "2366"]
[WhiteFideId "29941482"]
[BlackFideId "4244125"]
[EventDate "2025.06.17"]

1. Nf3 d5 2. b3 c6 3. Bb2 Bf5 4. g3 e6 5. Bg2 h6 6. O-O Nf6 7. d3 Be7 8. Nbd2
O-O 9. c4 a5 10. Re1 Bh7 11. e4 dxe4 12. dxe4 Na6 13. Qe2 Nb4 14. Red1 Qd3 15.
Qxd3 Nxd3 16. Bxf6 Bxf6 17. Rab1 Rfd8 18. Bf1 Nb4 19. a3 Nc2 20. a4 g5 21. h3
Nb4 22. Be2 Nd3 23. Kf1 Nc5 24. b4 axb4 25. Rxb4 Bc3 26. Rb6 Rxa4 27. Nb3 Rxd1+
28. Bxd1 Nxb3 29. Rxb3 Ra1 30. Ke2 Ba5 31. Bc2 b6 32. Ne5 c5 33. Nd7 Rc1 34. Bd3
h5 35. Nf6+ Kg7 36. Nxh5+ Kh6 37. Nf6 Bg6 38. Nd7 f5 39. exf5 exf5 40. Nxb6 Bh5+
41. g4 fxg4 42. hxg4 Bxg4+ 43. f3 Be6 44. Nd5 Rh1 45. Rb5 Rh2+ 46. Ke3 Be1 47.
Rb6 Bf2+ 48. Ke4 Bd4 49. Rxe6+ Kg7 50. Kf5 Rh3 51. Be4 Rg3 52. Rg6+ Kf7 53. Rxg5
Rh3 54. Nf4 Rh1 55. Bd5+ Ke7 56. Rg6 Rf1 57. Re6+ Kd7 58. Ng6 Rh1 59. f4 Rh5+
60. Ke4 Rh1 61. Ne5+ Kc7 62. Rc6+ Kd8 63. f5 Re1+ 64. Kf3 Rxe5 65. Re6 Rxf5+ 66.
Ke4 Rf1 67. Rd6+ Kc7 68. Rc6+ Kd7 69. Rg6 Re1+ 70. Kd3 Kc7 71. Re6 Rd1+ 72. Kc2
Ra1 73. Re7+ Kb6 74. Rb7+ Ka6 75. Rb8 Rf1 76. Ra8+ Kb6 77. Rb8+ Ka5 78. Ra8+ Kb6
79. Rb8+ Kc7 80. Rb7+ Kd6 81. Rf7 Ra1 82. Kd3 Ra3+ 83. Kd2 Rh3 84. Rf3 Rh2+ 85.
Kd3 Ke5 86. Rf1 Rh3+ 87. Rf3 Rh2 88. Rf1 Ra2 89. Re1+ Kf4 90. Re4+ Kf5 91. Re1
Ra3+ 92. Kc2 Rc3+ 93. Kd2 Rh3 94. Rf1+ Ke5 95. Re1+ Kf4 96. Rf1+ Kg5 97. Re1
Bc3+ 98. Ke2 Bxe1 99. Kxe1 Kf4 100. Kd2 Ke5 101. Kc2 Kd4 102. Kd2 Ra3 103. Kc2
Ra5 104. Kb2 Ra4 105. Kb3 Rb4+ 106. Ka3 Rxc4 107. Bxc4 Kxc4 108. Kb2 Kd3 109.
Kc1 Kc3 110. Kd1 Kb2 111. Kd2 c4 0-1

[Event "Titled Tue 17th Jun Early"]
[Site "chess.com INT"]
[Date "2025.06.17"]
[Round "8"]
[White "Khazhatuly, Alikhan"]
[Black "Bardyk, Artem"]
[Result "1/2-1/2"]
[WhiteTitle "CM"]
[BlackTitle "FM"]
[WhiteElo "2173"]
[BlackElo "2260"]
[WhiteFideId "13731335"]
[BlackFideId "34349979"]
[EventDate "2025.06.17"]

1. e4 c5 2. Nf3 d6 3. d4 cxd4 4. Nxd4 Nf6 5. Nc3 g6 6. f3 Nc6 7. Be3 h5 8. Qd2
Nxd4 9. Bxd4 Bh6 10. Be3 Bxe3 11. Qxe3 Be6 12. Bb5+ Kf8 13. O-O Qa5 14. h3 a6
15. Bd3 Rc8 16. f4 Qc5 17. Rae1 b5 18. a3 Nd7 19. Kh2 Qxe3 20. Rxe3 Nc5 21. f5
gxf5 22. exf5 Bd7 23. Nd5 Nxd3 24. cxd3 Re8 25. f6 exf6 26. Rxe8+ Bxe8 27. Rxf6
Bc6 28. Rxd6 Bxd5 29. Rd8+ Kg7 30. Rxd5 Rh6 31. Kg3 Rg6+ 32. Kf3 Rf6+ 33. Ke3
Rg6 34. Kf3 Rf6+ 35. Kg3 h4+ 36. Kxh4 Rf2 37. g4 Rxb2 38. Rd6 a5 39. Ra6 a4 40.
d4 Rb3 41. Rb6 f6 42. d5 Kf7 43. Rb7+ Kg6 44. d6 Rxa3 45. Rxb5 Rd3 46. Ra5 Rd4
47. d7 Rxd7 48. Rxa4 Rh7+ 49. Kg3 Rb7 50. Ra3 Kg5 51. h4+ Kg6 52. Ra4 Rb3+ 53.
Kf4 Rb1 54. Ra3 Rb4+ 55. Kg3 Rb8 56. Rf3 Rc8 57. h5+ Kg7 58. Kh4 Rc1 59. Rh3 Kh6
60. Rf3 Kg7 61. Ra3 Rh1+ 62. Kg3 Rg1+ 63. Kf4 Rf1+ 64. Rf3 Ra1 65. Rf2 Kh6 66.
Kg3 Ra3+ 67. Rf3 Ra6 68. Kh4 Kg7 69. Rb3 Ra1 70. Rb7+ Kh6 71. Rb3 Rh1+ 72. Kg3
Ra1 73. Rf3 Kg7 74. Rf2 Ra8 75. Rf5 Ra3+ 76. Kh4 Ra2 77. Rf3 Kf7 78. g5 Ra4+ 79.
Kg3 Ra5 80. Rxf6+ Kg7 81. Kg4 Ra4+ 82. Rf4 Ra1 83. h6+ Kg8 84. Kh5 Ra6 85. Rb4
Ra8 86. Rb7 Kh8 87. Rb6 Kh7 88. Rc6 Kg8 89. Kg6 Kh8 90. Rf6 Rg8+ 91. Kf5 Rb8 92.
g6 Rb5+ 93. Kg4 Rb4+ 94. Rf4 Rb8 95. Kg5 Rb5+ 96. Rf5 Rb8 97. g7+ Kh7 98. Rf8
Rb5+ 99. Kf4 Rb4+ 100. Ke3 Rb3+ 101. Kd2 Rg3 102. Rh8+ Kg6 103. g8=Q+ Kh5 104.
Qxg3 1/2-1/2

[Event "Titled Tue 17th Jun Early"]
[Site "chess.com INT"]
[Date "2025.06.17"]
[Round "9"]
[White "Jaiveer, Mahendru"]
[Black "Zong, Davis"]
[Result "0-1"]
[WhiteTitle "FM"]
[BlackTitle "FM"]
[WhiteElo "2217"]
[BlackElo "2242"]
[WhiteFideId "25611151"]
[BlackFideId "30903955"]
[EventDate "2025.06.17"]

1. d4 d5 2. Nf3 Nf6 3. e3 c6 4. Nbd2 Bf5 5. c4 e6 6. Be2 h6 7. O-O Be7 8. b3 O-O
9. Bb2 Nbd7 10. Ne5 Nxe5 11. dxe5 Ne4 12. Nxe4 Bxe4 13. Bd3 Bxd3 14. Qxd3 dxc4
15. Qxc4 Qd2 16. Rfd1 Qxb2 17. f4 Rfd8 18. a4 Rxd1+ 19. Rxd1 Rd8 0-1

[Event "Titled Tue 17th Jun Early"]
[Site "chess.com INT"]
[Date "2025.06.17"]
[Round "9"]
[White "Materia, Marco"]
[Black "Papasimakopoulos, Alexandros"]
[Result "1-0"]
[WhiteTitle "IM"]
[BlackTitle "IM"]
[WhiteElo "2489"]
[BlackElo "2366"]
[WhiteFideId "45150451"]
[BlackFideId "4244125"]
[EventDate "2025.06.17"]

1. Nf3 d5 2. b3 c6 3. Bb2 Bf5 4. d3 e6 5. Nbd2 h6 6. e4 Bh7 7. g3 Nf6 8. Qe2 a5
9. a3 Be7 10. Bg2 O-O 11. O-O Na6 12. Ne5 Nd7 13. Nxd7 Qxd7 14. f4 dxe4 15. dxe4
Rfd8 16. Nc4 Nc5 17. Nb6 Qc7 18. Nxa8 Rxa8 19. f5 Nd7 20. fxe6 fxe6 21. Qg4 Nf8
22. Qxg7# 1-0